Capitales Européennes en Image - Choix Multiple - Statistiques

Statistiques générales
  • Ce quiz a été pris 794 fois
  • Le résultat moyen est 11 sur 15
Statistiques - réponses
Question Réponse % Correct
Moscou
98%
Rome
97%
Athènes
96%
Berlin
85%
Prague
76%
Stockholm
71%
Londres
69%
Amsterdam
67%
Vienne
66%
Bucarest
65%
Lisbonne
57%
Madrid
56%
Vaduz
56%
Tallinn
53%
Kiev
42%
Aucun quiz correspondant
Distribution des résultats
% des personnes avec chaque résultat
Percentile par nombre de réponses
Votre historique - résultats
Vous n’avez pas pris ce quiz